000 00723nam a2200253Ia 4500
003 OSt
005 20221007075705.0
006 a|||||r|||| 00| 0
007 ta
008 221006b |||||||| |||| 00| 0 eng d
024 _a672
037 _cReference Collections
040 _aFLL
_cFLL
_beng
041 _2eng
_aeng
082 _aX:321:Z2qN86, N4
100 _aMajumdar P.K.
245 0 _aLaw of consumer protection in India
250 _a2nd
260 _aNew Delhi
_bOrient Publishing Company India
_c1996
300 _a1496p
_ccm.
650 _aLaw of consumer protection
_9683527
942 _hX:321:Z2qN86, N4
_cREF
_2CC
999 _c1157023
_d1157023